000 00317nam a2200133Ia 4500
008 231129s1973||||xx |||||||||||||| ||spa||
040 _bspa
082 _a142.7 H462
100 _aHegel G.W.F.
245 0 _aFenomenologia del espiritu
260 _c1973
264 _aFondo de Cultura Economica
942 _2ddc
_cBKS
999 _c13913
_d13913